| 000 | 03390cam a2200397 i 4500 | ||
|---|---|---|---|
| 001 | 17982562 | ||
| 003 | OSt | ||
| 005 | 20211227094305.0 | ||
| 008 | 131227s2014 nyua b 001 0 eng | ||
| 010 | _a 2013049404 | ||
| 020 | _a9780415717670 (hardback) | ||
| 020 | _a9780415717687 (pbk) | ||
| 020 | _z9781315797700 (ebk) | ||
| 040 |
_aDLC _beng _cHU _erda _dDLC |
||
| 042 | _apcc | ||
| 050 | 0 | 0 |
_aHD1387 _b.S28 2014 |
| 082 | 0 | 0 |
_a333.33/2SCA2014 _223 |
| 084 |
_aBUS054000 _2bisacsh |
||
| 100 | 1 |
_aScarrett, Douglas, _d1929- _925313 |
|
| 245 | 1 | 0 |
_aProperty valuation : _bthe five methods / _cDouglas Scarrett, Sylvia Osborn. |
| 250 | _a3rd Edition. | ||
| 264 | 1 |
_aNew York : _bRoutledge, _c2014. |
|
| 300 |
_axiv, 192 pages : _billustration : _c24 cm |
||
| 336 |
_atext _2rdacontent |
||
| 337 |
_aunmediated _2rdamedia |
||
| 338 |
_avolume _2rdacarrier |
||
| 504 | _aIncludes bibliographical references and index. | ||
| 520 |
_a"The third edition of Property Valuation: The Five Methods introduces students to the fundamental principles of property valuation theory by means of clear explanation and worked examples. An ideal text for those new to the subject, the book provides 1st year undergraduate students with a working knowledge and understanding of the five methods of valuation and the ways in which they are interlinked.In this fully revised edition, the new author team have:restructured the chapters to ensure a more logical orderoutlined economic theory of value and the rules and constraints under which a valuer worksprovided detailed consideration of each of the five recognised approachesplaced a larger emphasis on the Discounted Cash Flow approachThese revisions are all written in the concise and accessible style which has made previous editions of the book so successful. The new edition of this textbook will be essential reading for undergraduates on all property, real estate, planning and built environment courses. "-- _cProvided by publisher. |
||
| 520 |
_a"The third edition of Property Valuation: The Five Methods introduces students to the fundamental principles of property valuation theory by means of clear explanation and worked examples. An ideal text for those new to the subject, the book provides 1st year undergraduate students with a working knowledge and understanding of the five methods of valuation and the ways in which they are interlinked. In this fully revised edition, the new author team have: restructured the chapters to ensure a more logical order outlined economic theory of value and the rules and constraints under which a valuer works provided detailed consideration of each of the five recognised approaches placed a larger emphasis on the Discounted Cash Flow approach These revisions are all written in the concise and accessible style which has made previous editions of the book so successful. The new edition of this textbook will be essential reading for undergraduates on all property, real estate, planning and built environment courses"-- _cProvided by publisher. |
||
| 650 | 0 |
_aReal property _xValuation. _98841 |
|
| 650 | 7 |
_aBUSINESS & ECONOMICS / Real Estate. _2bisacsh _925314 |
|
| 700 | 1 |
_aOsborn, Sylvia. _925315 |
|
| 906 |
_a7 _bcbc _corignew _d1 _eecip _f20 _gy-gencatlg |
||
| 942 |
_2ddc _cBOOKS _n0 |
||
| 999 |
_c24232 _d24232 |
||